| 000 | 00415nam a2200169Ia 4500 | ||
|---|---|---|---|
| 005 | 20240823010837.0 | ||
| 008 | 240823s9999||||xx |||||||||||||| ||und|| | ||
| 082 | _A330.03 N9 | ||
| 100 | _aChand S K (ed) | ||
| 245 | 0 | _aAdvanced dictionary of economics | |
| 250 | _a1st | ||
| 260 |
_c1999 _b"Dominant,New Delhi," |
||
| 500 | _aYES | ||
| 650 |
_aManagement _bManagement Studies |
||
| 942 | _cBK | ||
| 999 |
_c159810 _d159810 |
||